[Event "Paris GCT rapid"]
[Site "Paris"]
[Date "2016.06.10"]
[Round "6"]
[White "Topalov, Veselin"]
[Black "Carlsen, Magnus"]
[Result "0-1"]
[WhiteElo "2761"]
[BlackElo "2855"]
[Annotator "Nielsen,Peter Heine"]
[PlyCount "82"]
[EventDate "2016.06.09"]
[EventType "tourn (rapid)"]
[EventRounds "9"]
[EventCountry "FRA"]
[EventCategory "22"]
[SourceTitle "CBM 173"]
[Source "ChessBase"]
[SourceDate "2016.07.12"]
[SourceVersion "1"]
[SourceVersionDate "2016.07.12"]
[SourceQuality "1"]

1. e4 e5 2. Nf3 Nc6 3. Bb5 a6 4. Ba4 Nf6 5. O-O Be7 6. d3 b5 7. Bb3 d6 8. a3
O-O 9. Nc3 Na5 10. Ba2 Be6 11. d4 Bxa2 12. Rxa2 Nc6 13. d5 Nb8 14. Qe2 Nbd7 15.
Rd1 Qc8 16. Nh4 g6 17. g3 Ne8 18. Ng2 Ng7 19. Bh6 Nf6 20. Ne3 Qh3 21. Bxg7 Kxg7
22. b4 h5 23. a4 a5 24. Rb1 axb4 25. Rxb4 bxa4 26. Raxa4 Ng4 27. Nf1 h4 28. f3
hxg3 29. hxg3 Nf6 30. Qg2 Qh6 31. Qh2 Qg5 32. Qd2 Qh5 33. g4 {My favourite
moment chess-wise from Paris was this position. Following the game in the
press-room I noticed that the computers indicated 33...Qh8! It looks
completely wrong at first sight, as while putting the queen in the corner is
often seen, it's always in connection with using the long diagonal. Here
however it combines attacking via the h-file with the possibility of playing
Rfb8, as well as maybe most serious, preparing ...Nh7 attacking on the
kingside. It's beautiful and logical, yet felt impossible for a human to play,
but after a short think Magnus uncorked it:} Qh8 $3 34. Nb5 Nh7 $1 35. Qh2 Rfb8
{Excellent coordination.} 36. c4 Qd8 {Now threatening ...Ng5.} 37. Ne3 Bg5 $5 (
37... Ng5 {was also strong.}) 38. Qe2 Bf4 39. Ng2 Bg3 40. Qe3 Ng5 41. Kf1 Qh8 {
And with Black having completely fulfilled the concept of ...Qh8 and activated
his pieces on their optimal squares, the white position collapses and Topalov
resigned.} 0-1

[Event "Paris GCT blitz"]
[Site "Paris"]
[Date "2016.06.11"]
[Round "4"]
[White "Carlsen, Magnus"]
[Black "Aronian, Levon"]
[Result "1-0"]
[WhiteElo "2855"]
[BlackElo "2792"]
[Annotator "Besenthal,K"]
[PlyCount "57"]
[EventDate "2016.06.11"]
[EventType "tourn (blitz)"]
[EventRounds "18"]
[EventCountry "FRA"]
[EventCategory "22"]
[SourceTitle "CBM 173"]
[Source "ChessBase"]
[SourceDate "2016.07.12"]
[SourceVersion "1"]
[SourceVersionDate "2016.07.12"]
[SourceQuality "1"]

1. e4 e5 2. Nf3 Nc6 3. Bb5 Nf6 4. d3 Bc5 5. Bxc6 dxc6 6. h3 Be6 7. Nc3 Qd6 8.
Na4 Bb6 9. O-O O-O 10. b3 h6 11. Bb2 Nd7 12. Nxb6 axb6 13. d4 exd4 14. Nxd4 c5
15. Nb5 Qc6 16. c4 f6 17. f4 Rfe8 18. Qf3 Re7 19. a4 Nf8 20. Nc3 Qe8 21. Rae1 {
Diagramm [#] Carlsen hat seine gesamte Streitmacht zum sofortigen Losschlagen
aufgebaut. Der weiße Vorteil ist offensichtlich.} c6 22. f5 Bf7 23. e5 $1 {
Diagramm [#]} fxe5 $2 (23... Rxe5 24. Ne4 Nd7 25. Bxe5 Nxe5 26. Qg3 {war
nötig. Schwarz hätte zwar die Qualität eingebüßt, dafür aber den
Durchbruch am Königsflügel verhindert.}) 24. Ne4 {Weiß hat einen Bauern
weniger, aber spätestens jetzt stehen alle seine Figuren perfekt für den
Schlussangriff.} Nh7 25. Qg3 Rd7 (25... Kh8 {hätte nichts genützt:} 26. f6
gxf6 27. Rxf6 $1 Nxf6 28. Nxf6 $18) 26. Bxe5 Qf8 27. Kh2 b5 28. Nxc5 Rd2 29.
Ne6 1-0

[Event "Paris GCT blitz"]
[Site "Paris"]
[Date "2016.06.11"]
[Round "9"]
[White "Nakamura, Hikaru"]
[Black "Carlsen, Magnus"]
[Result "0-1"]
[WhiteElo "2787"]
[BlackElo "2855"]
[Annotator "Besenthal,K"]
[PlyCount "118"]
[EventDate "2016.06.11"]
[EventType "tourn (blitz)"]
[EventRounds "18"]
[EventCountry "FRA"]
[EventCategory "22"]
[SourceTitle "CBM 173"]
[Source "ChessBase"]
[SourceDate "2016.07.12"]
[SourceVersion "1"]
[SourceVersionDate "2016.07.12"]
[SourceQuality "1"]

1. d4 Nf6 2. c4 e6 3. Nf3 d5 4. Nc3 Nbd7 5. Bf4 dxc4 6. e3 b5 7. Nxb5 Bb4+ 8.
Nc3 Nd5 9. a3 Nxc3 10. Qd2 Ne2 11. axb4 Nxf4 12. exf4 Bb7 13. Be2 O-O 14. O-O
Nb6 15. Ne5 Qd6 16. Rfd1 Rfb8 17. Rac1 Qd5 18. Bf1 h6 19. Nxc4 Nxc4 20. Rxc4
Qd6 21. Rc5 Bd5 22. b5 c6 23. bxc6 Bxc6 24. b4 Bd5 25. b5 Rb7 26. Rdc1 Rd8 27.
Qe3 Rbd7 28. Qe5 Qxe5 29. dxe5 g5 30. fxg5 hxg5 31. Rc7 Kg7 32. Rxd7 Rxd7 33.
Ra1 Kg6 34. g4 Bf3 35. h3 Rd2 36. Ra3 Bd5 37. Ra1 Bf3 38. Ra3 Bd5 39. f3 f5 40.
exf6 Kxf6 41. Rxa7 Bxf3 42. Ra3 Bd5 43. Rc3 Rb2 44. Rc1 Ke5 {Diagramm [#]
Carlsen hatte einen Bauern weniger, aber dafür die viel bessere
Figurenstellung. Man ahnt bereits nach einem flüchtigen Blick auf die
Stellung: Das war nicht ungefährlich für Nakamura.} 45. Re1+ $2 {Ein Fehler,
der den schwarzen König nur tiefer in die weiße Stellung hineinlässt.} ({
Weiß musste mehr Druck machen, z.B.:} 45. Bc4 Be4 46. Re1) 45... Kf4 46. Rd1
Kg3 47. Re1 Rb3 48. Rd1 Bf3 $1 {Diagramm [#] Das ist der richtige Plan!} 49.
Re1 Bd5 {... was Carlsen selber noch nicht glaubt!} 50. Rd1 Rb2 51. Re1 Kf4 (
51... Bf3 $1 52. Rxe6 $4 Rh2) 52. Rd1 Bf3 53. Rd4+ Kg3 54. Rd3 e5 55. Ra3 e4
56. b6 Rxb6 57. Ra2 Rb1 58. Ra3 Kf4 59. Ra2 e3 0-1

[Event "Paris GCT blitz"]
[Site "Paris"]
[Date "2016.06.12"]
[Round "10"]
[White "So, Wesley"]
[Black "Carlsen, Magnus"]
[Result "0-1"]
[WhiteElo "2770"]
[BlackElo "2855"]
[Annotator "Besenthal,K"]
[PlyCount "56"]
[EventDate "2016.06.11"]
[EventType "tourn (blitz)"]
[EventRounds "18"]
[EventCountry "FRA"]
[EventCategory "22"]
[SourceTitle "CBM 173"]
[Source "ChessBase"]
[SourceDate "2016.07.12"]
[SourceVersion "1"]
[SourceVersionDate "2016.07.12"]
[SourceQuality "1"]

1. c4 Nf6 2. Nc3 e5 3. Nf3 Nc6 4. g3 d5 5. cxd5 Nxd5 6. Bg2 Nb6 7. O-O Be7 8.
d3 O-O 9. a3 Re8 10. b4 Bf8 11. Bb2 Bg4 12. Nd2 Qc8 13. Re1 a5 14. b5 Nd4 15.
Nb3 a4 16. Nxd4 exd4 17. Ne4 Qd7 18. Qc2 Rad8 19. Nc5 Bxc5 20. Qxc5 Rxe2 21.
Rxe2 Bxe2 22. Bxb7 Bxd3 23. Rd1 Qxb5 24. Qxc7 Rf8 25. Bxd4 Nc4 {Diagramm [#]}
26. Bf3 $6 ({Weiß hatte bereits längere Zeit einigen Vorteil gehabt, der nach
} 26. Bc6 $1 Qb3 27. Re1 {wegen der Drohungen Ld5 und Lc5 auch offensichtlich
gewesen wäre.}) 26... Qb3 27. Bc5 Re8 {Diagramm [#] Hier war noch alles auf
der Reihe.} 28. Qd7 $4 Qxd1+ $1 (28... Qxd1+ 29. Bxd1 Re1+ 30. Kg2 Bf1+ 31. Kf3
Ne5+) 0-1

[Event "Paris GCT blitz"]
[Site "Paris"]
[Date "2016.06.12"]
[Round "13"]
[White "Aronian, Levon"]
[Black "Carlsen, Magnus"]
[Result "1-0"]
[WhiteElo "2792"]
[BlackElo "2855"]
[Annotator "Besenthal,K"]
[PlyCount "107"]
[EventDate "2016.06.11"]
[EventType "tourn (blitz)"]
[EventRounds "18"]
[EventCountry "FRA"]
[EventCategory "22"]
[SourceTitle "CBM 173"]
[Source "ChessBase"]
[SourceDate "2016.07.12"]
[SourceVersion "1"]
[SourceVersionDate "2016.07.12"]
[SourceQuality "1"]

1. d4 e6 2. Nf3 c5 3. g3 Nf6 4. Bg2 cxd4 5. O-O Nc6 6. Nxd4 Bc5 7. Nb3 Be7 8.
c4 O-O 9. Nc3 b6 10. Bf4 Bb7 11. Rc1 d6 12. Nb5 Ne8 13. Qd2 a6 14. Nc3 Qb8 15.
Rfd1 Nd8 16. Ne4 e5 17. Bg5 f6 18. Be3 f5 19. Nc3 Bxg2 20. Kxg2 Ne6 21. Nd5 Bd8
22. f3 Ra7 23. Nb4 Qc8 24. Qd5 {Diagramm [#]} Kh8 $6 (24... Raf7 $1 25. Nc6 Bc7
{ist der Computervorschlag. Schwarz kann alle seine Schwächen decken und
Weiß kommt nicht mehr recht voran.}) 25. Nc6 Rb7 26. Nxd8 Nxd8 27. c5 $1 {
Das ist jetzt vorteilhaft für Weiß.} bxc5 28. Bxc5 dxc5 29. Qxd8 Nf6 30. Qxc8
(30. Qd6 $1) 30... Rxc8 31. Rxc5 Rxc5 32. Rd8+ Ng8 33. Nxc5 Rxb2 34. Kf2 Rxa2
35. h4 h6 36. h5 {Diagramm [#] Jetzt sollte Schwarz eigentlich nicht mehr
verlieren.} Rc2 37. Nd3 e4 38. Ne5 exf3 39. Kxf3 Kh7 40. Ng6 a5 41. Ra8 Ra2 42.
e3 a4 43. Kf4 Rf2+ 44. Ke5 Rf3 45. Ke6 Rxe3+ 46. Kf7 Rb3 $2 (46... Rd3 $1 47.
Nf8+ Kh8) 47. Nf8+ Kh8 48. Ng6+ Kh7 49. Nf8+ Kh8 50. Nd7 {Diagramm [#] Man
stelle sich den schwarzen Turm jetzt auf d3 vor...} Rb7 51. Rxg8+ Kh7 52. Rxg7+
Kh8 53. Kg6 a3 54. Rh7+ 1-0

[Event "Paris GCT blitz"]
[Site "Paris"]
[Date "2016.06.12"]
[Round "16"]
[White "Carlsen, Magnus"]
[Black "Topalov, Veselin"]
[Result "0-1"]
[WhiteElo "2855"]
[BlackElo "2761"]
[Annotator "Besenthal,K"]
[PlyCount "92"]
[EventDate "2016.06.11"]
[EventType "tourn (blitz)"]
[EventRounds "18"]
[EventCountry "FRA"]
[EventCategory "22"]
[SourceTitle "CBM 173"]
[Source "ChessBase"]
[SourceDate "2016.07.12"]
[SourceVersion "1"]
[SourceVersionDate "2016.07.12"]
[SourceQuality "1"]

1. e4 c5 2. Nf3 d6 3. Bb5+ Nd7 4. a4 Ngf6 5. Nc3 g6 6. a5 Bg7 7. O-O a6 8. Bc4
O-O 9. d3 Nb8 10. Nd5 Nc6 11. Nb6 Rb8 12. Bd2 Bg4 13. h3 Bxf3 14. Qxf3 Nd7 15.
Nxd7 Qxd7 {Diagramm [#]} 16. Rab1 $6 (16. Ra2 {war besser.}) 16... Qd8 17. h4
Nxa5 18. Ba2 Nc6 19. h5 e6 20. g3 $2 (20. c3 $1 {hätte zunächst einmal den
Sc6 limitiert.}) 20... b5 21. Kg2 Qf6 22. Qd1 a5 23. hxg6 hxg6 24. Rh1 Nb4 $6 (
24... a4 $1) 25. Bc3 ({Sofort} 25. Qg4 {war interessant:} Nxa2 26. Bg5 Qd4 27.
Qh4 Rfc8 28. c3 Nxc3 29. bxc3 Qxc3 30. Be7 f5 31. exf5 gxf5 32. Rbe1) 25... Qg5
26. f4 Qe7 27. Qg4 $2 {Diagramm [#] Jetzt funktioniert dieser Zug gar nicht
mehr - ungewöhnlich für Carlsen.} Nxa2 28. Qh3 f6 29. Qh7+ Kf7 30. Rh6 Rg8
31. Bxa5 Kf8 32. Rh3 Qf7 33. c3 Ra8 34. Bb6 Ra6 35. Bd8 Ke8 36. Bc7 Kd7 37. e5
Rh8 38. Qxh8 Bxh8 39. Rxh8 Kxc7 40. Rbh1 dxe5 41. R1h7 Qxh7 42. Rxh7+ Kd6 43.
Kf3 exf4 44. gxf4 b4 45. c4 Nc1 46. Ke3 Nb3 0-1

[Event "Leuven GCT rapid"]
[Site "Leuven"]
[Date "2016.06.17"]
[Round "3"]
[White "Aronian, Levon"]
[Black "Carlsen, Magnus"]
[Result "0-1"]
[WhiteElo "2792"]
[BlackElo "2855"]
[Annotator "Marin,M"]
[PlyCount "90"]
[EventDate "2016.06.17"]
[EventType "tourn (rapid)"]
[EventRounds "9"]
[EventCountry "BEL"]
[EventCategory "22"]
[SourceTitle "CBM 173"]
[Source "ChessBase"]
[SourceDate "2016.07.12"]
[SourceVersion "1"]
[SourceVersionDate "2016.07.12"]
[SourceQuality "1"]

1. d4 e6 2. Nf3 f5 3. c4 Nf6 4. Nc3 {Anand,V (2797)-Carlsen,M (2865) Grenke
Chess Classic 3rd 2015 (4) 0-1 Aronian does not seem too keen to allow the
Stonewall, possibly under the influence of the game} Bb4 {The opening has
turned into a Nimzo-Dutzh hybrid, supposed to be fine for Black, but still
complicated. The reader should compare with the lines examined in my
pseudo-Owen article for CBM 166. The main difference is the early commitment
of Black's queen.} 5. Qb3 Qe7 6. Bd2 {Unpinning the knight and preparing to
re-capture with the bishop on c3.} (6. Bg5 O-O 7. g3 c5 {This looks slightly
inconsequent with the previous play.} (7... b6 $5) 8. Bg2 Nc6 9. dxc5 Qxc5 10.
Bxf6 Rxf6 11. a3 Bxc3+ 12. Qxc3 $14 {Gelfand,B (2704)-Morovic Fernandez,I 
(2549) Cap d'Agde 2002 CBM 092 [Finkel,A] (½-½, 26), with comfortable play
for White.}) (6. a3 {transposes to some sort of 4.Qc2 Nimzo-Indian.} Bxc3+ 7.
Qxc3 O-O 8. e3 b6 9. Bd3 Bb7 10. b3 d6 11. Bb2 Nbd7 12. O-O-O Ne4 13. Qc2 {
Ivanov,J (2370)-Schmouchkovitch,M (2003) Sautron 2007 EXT 2008 [RR] (1-0, 23)}
a5 $5 $132) 6... b6 (6... Bxc3 {, played for the sake of continuing with ...
d7-d6, looks a bit premature:} 7. Bxc3 d6 8. g3 Nbd7 9. Bg2 Ne4 10. O-O Nxc3
11. Qxc3 O-O 12. Rfe1 e5 13. e4 f4 14. c5 dxc5 15. dxc5 Nxc5 16. Rac1 b6 17. b4
Na6 18. Nxe5 $14 {Wang,Y (2704)-Agdestein,S (2583) Amsterdam 2008 (1-0, 35)})
7. g3 $146 {This way of developing is familiar, but in this concrete position
the last move is a novelty.} (7. e3 Bb7 8. Be2 O-O 9. O-O Bxc3 10. Bxc3 Ne4 11.
d5 {This offers Black a clear developing plan by conceding the control over
the c5-square.} ({It makes sense to keep the threat d4-d5 in reserve with
either} 11. Rad1 {or}) (11. Be1) 11... Na6 12. Rad1 d6 13. dxe6 {Another
important concession, clearing the long diagonal.} (13. Be1 Nac5 14. Qc2 a5 15.
Nd4 e5 16. Nb5 {[%cal Gf2f3]}) 13... Nac5 14. Qc2 Nxe6 15. b4 a5 16. a3 f4 $36
{Laurine,L-Keres,P Tallinn 1937 EXT 2001 (0-1, 24). In the database this game
is reported as featuring the pointless sacrifice 6...b5 instead of 6...b6.})
7... Bb7 8. Bg2 Nc6 $5 {An ambitious continuation, aiming at active piece play.
} ({The main alternative is} 8... Bxc3 9. Bxc3 Ne4 10. O-O O-O 11. Be1 d6 $13)
9. O-O (9. a3 {also leads to interesting play:} Nxd4 $1 (9... Bxc3 10. Bxc3 $14
{[%csl Rb7,Rc6]}) 10. Nxd4 Bxg2 11. axb4 Bxh1 12. f3 c5 (12... Bg2 13. Ncb5 {
[%csl Ga8,Gc7,Ge8]}) 13. bxc5 bxc5 14. Ndb5 (14. Nc2 {offers the bishop the
time to escape with} Bg2) 14... O-O 15. Kf2 a6 16. Na3 Ng4+ $1 17. Kg1 (17.
fxg4 fxg4+ 18. Kg1 Bc6 $17 {[%csl Rg1][%cal Gc6h1]}) 17... Rab8 18. Qc2 Bxf3
19. exf3 Ne5 $13 {with unbalanced play, from the strategic and material points
of view.}) 9... Na5 10. Qc2 Nxc4 11. Nb5 $1 {In view of this counter-blow the
pawn sacrifice turns into a temporary one.} Nxd2 (11... Bxd2 12. Nxc7+ Kf7 13.
Nxa8 $16) 12. Nxc7+ Kf8 13. Nxd2 Bxg2 14. Kxg2 Rc8 15. Nf3 {Removing the
knight from the attacked square and taking g5 under control.} (15. Nxe6+ $2 {
is premature due to} Kf7 16. Ng5+ Kg6 $17) 15... Qd8 ({But now Black has to
count with the aforementioned threat:} 15... Bd6 $2 16. Nxe6+ $1 Kf7 17. Neg5+
Kg6 18. Qb3 $16 {The main point is that the g5-knight is defended.}) 16. Rac1
Ke7 (16... Bd6 $2 17. Nxe6+) 17. Qa4 {A simple way of getting out of the pin.}
Rxc7 18. Qxb4+ d6 19. Qd2 {Black seems to have solved the main strategic
problems, but the king's presence in the centre invites him to caution.} h6 {
This weakens the g6-square for the sake of preventing Qg5.} (19... Qd7 20. Rxc7
Qxc7 21. Qg5 Kf7 22. d5 Nxd5 23. Qh5+ g6 24. Ng5+ Ke8 25. Qh4 $44) (19... Nd5
20. Qg5+ Ke8 $8 {[%csl Gc7,Gd8,Gg7]} 21. Qh5+ $36) 20. Kg1 Qd7 {Slightly
careless or maybe just provocative.} (20... Kf7 $5 $11) 21. Rxc7 Qxc7 22. d5 $1
{A thematic break, partly putting Black off balance.} Nxd5 23. Nh4 {[%csl Gg6]}
Rc8 ({Defending both f5 and g6 with the king does not work:} 23... Kf6 $6 24.
Qd4+ Kf7 25. Nxf5 $36) 24. Nxf5+ exf5 25. Qxd5 Qc5 26. Qd3 Qe5 27. Rd1 Rc6 $14
{White has the better structure and, despite Black's piece activity, is
entitled to count on some minimal but lasting advantage.} 28. Rd2 $6 {
Unnecessarily leaving the back rank undefended.} (28. e3) (28. Qa6) 28... Qe4
$1 {Due to the threat ...Rc1+ White cannot avoid simplifying to an endgame in
which the centralised position of the black king turns into a trump.} 29. Qxe4+
fxe4 30. f3 exf3 31. exf3 d5 $1 {The previously backward pawn suddenly starts
being threatening.} 32. Rxd5 {This leads to a worse ending.} (32. Kf2 Kd6 33.
Ke3 Rc1 34. Kd4 $11) 32... Rc1+ 33. Kg2 Rc2+ 34. Kh3 Rxb2 35. a4 a5 $1 {
Suddenly the a4-pawn is doomed in view of the threat ...Rb4.} (35... Rb4 36. a5
$11) 36. Re5+ $6 {The start of a time consuming plan.} ({As usual in the
endgame the highest priority should have been activating the king.} 36. Kg4
Rb4+ (36... Rxh2 37. Rb5 $11) 37. Kh5 Rxa4 38. Kg6 Rb4 39. Kxg7 {White has
strong counterplay which seems to be enough for reaching a draw even though
Black would not have exhausted his active ideas:} a4 40. f4 a3 41. Rd1 Ra4 (
41... b5 42. Re1+ Kd6 43. f5 $132) 42. Re1+ Kd6 43. f5 b5 44. f6 b4 45. Ra1
Ra7+ (45... b3 $2 46. f7 Ra7 47. Rxa3 $18) 46. f7 Ke6 47. Re1+ Kd5 48. Ra1 Kc4
49. h4 b3 50. Rxa3 Rxf7+ 51. Kxf7 b2 52. Ra4+ Kc5 53. Ra5+ Kc6 54. Ra6+ Kb7 55.
Rxh6 b1=Q 56. Rg6 $11 {with a reliable fortress and a draw.}) 36... Kd6 37. Rf5
Rb4 38. Rf7 Rxa4 39. Rxg7 Rc4 {With respect to the lines above the white king
is much more passive, tipping the balance in Black's favour.} 40. f4 Rc7 41.
Rg8 (41. Rg6+ Kc5 42. f5 a4 43. f6 b5 44. Rg7 Rc8) 41... Ra7 42. f5 a4 43. f6
a3 44. Rg7 Ra8 45. f7 a2 0-1

[Event "Leuven GCT rapid"]
[Site "Leuven"]
[Date "2016.06.17"]
[Round "4"]
[White "Carlsen, Magnus"]
[Black "Caruana, Fabiano"]
[Result "0-1"]
[WhiteElo "2855"]
[BlackElo "2804"]
[Annotator "Besenthal,K"]
[PlyCount "108"]
[EventDate "2016.06.17"]
[EventType "tourn (rapid)"]
[EventRounds "9"]
[EventCountry "BEL"]
[EventCategory "22"]
[SourceTitle "CBM 173"]
[Source "ChessBase"]
[SourceDate "2016.07.12"]
[SourceVersion "1"]
[SourceVersionDate "2016.07.12"]
[SourceQuality "1"]

1. e4 e5 2. Nf3 Nc6 3. Bb5 a6 4. Ba4 Nf6 5. d3 Bc5 6. Bxc6 dxc6 7. h3 Nd7 8.
Be3 Bd6 9. Nc3 c5 10. Nd2 Nb8 11. a4 Nc6 12. a5 Be6 13. O-O O-O 14. Nc4 Be7 15.
b3 b5 16. axb6 cxb6 17. Bd2 b5 18. Ne3 Nb4 19. Ne2 Bg5 20. f4 exf4 21. Nxf4 a5
22. Bc3 Nc6 23. Ned5 Nd4 24. Qh5 Bxf4 25. Nxf4 Qd6 26. Rxa5 Rxa5 27. Bxa5 b4
28. Nxe6 Nxe6 29. Qd5 Qa6 30. Ra1 Rb8 31. Ra4 Qb5 32. d4 Qe2 33. Qe5 Re8 34.
dxc5 f6 35. Qd6 Qe3+ 36. Kh2 Nf4 37. Bc7 {Diagramm [#] An dieser Stelle hatte
Carlsen Gewinnstellung erlangt.} Ne2 38. Ra1 Qxe4 39. Re1 Re5 40. Qd2 Re6 41.
Qd7 $2 (41. Bg3 $1) 41... h5 42. Bb8 Re8 {Diagramm [#]} 43. Bd6 $2 {Dies
ermöglicht Caruana einen überraschenden Konter.} (43. Bg3 $1 h4 44. Bxh4 Qf4+
45. Kh1 Re5 46. Qd3 $18) 43... Re5 $1 44. Rf1 (44. Bxe5 $2 Qxe5+ 45. Kh1 Ng3+
46. Kh2 Qxe1) 44... Rg5 {Diagramm [#]} 45. Rf3 $4 (45. Rf2 $11) 45... Rxg2+ $1
46. Kxg2 Nd4 47. Kg1 Nxf3+ 48. Kf2 Nd4 49. Qc8+ Kh7 50. Qa6 Qf3+ 51. Ke1 Nxc2+
52. Kd2 Qc3+ 53. Kd1 Qxb3 54. Kc1 Nd4 0-1